[Event "Commonwealth-ch"]
[Site "Mumbai"]
[Date "2003.04.26"]
[Round "9"]
[White "Kutwal, Sashikant"]
[Black "Thakurta, Soumya"]
[Result "1-0"]
[WhiteElo "2245"]
[BlackElo "2111"]
[PlyCount "101"]
[EventDate "2003.04.20"]
[EventType "swiss"]
[EventRounds "10"]
[EventCountry "IND"]
[SourceTitle "CBM 093 Extra"]
[Source "ChessBase"]
[SourceDate "2003.05.09"]
[SourceVersion "1"]
[SourceVersionDate "2003.05.09"]
[SourceQuality "1"]

1. e4 c5 2. Nf3 Nc6 3. d4 cxd4 4. Nxd4 Nf6 5. Nc3 e5 6. Ndb5 d6 7. Nd5 Nxd5 8. exd5 Nb8 9. c4 Be7 10. Bd3 a6 11. Nc3 0-0 12. 0-0 f5 13. f4 Nd7 14. Qc2 e4 15. Be2 g5 16. g3 g4 17. Be3 h5 18. b4 h4 19. Rfd1 Qe8 20. c5 Nf6 21. Na4 Qh5 22. Bf1 Rf7 23. Bg2 Rh7 24. Kf2 Qh6 25. Nb6 Rb8 26. a4 Nh5 27. Rh1 Bf6 28. Rac1 Rc7 29. Qd2 Be7 30. a5 Qf8 31. Nc4 Bd7 32. cxd6 Bxd6 33. Nxd6 Qxd6 34. Bc5 Qg6 35. Be7 Bc6 36. d6 Rd7 37. Qe3 Nf6 38. Rhd1 Nd5 39. Qb3 Qf7 40. Bf1 hxg3+ 41. hxg3 Nxe7 42. Bc4 e3+ 43. Kxe3 Nd5+ 44. Rxd5 Kg7 45. Re5 Qf8 46. Qc3 Qf6 47. Re6 Qxc3+ 48. Rxc3 Rc8 49. Kd4 Be4 50. Bb3 Rb8 51. Rc7 1-0

[Event "Chhattisgarh Trophy"]
[Site "Raipur"]
[Date "2002.??.??"]
[Round "3"]
[White "Saurabh, Kherdekar"]
[Black "Kutwal, Sashikant"]
[Result "1/2-1/2"]
[WhiteElo "2299"]
[BlackElo "2294"]
[PlyCount "48"]
[EventDate "2002.03.02"]
[EventType "swiss"]
[EventRounds "11"]
[EventCountry "IND"]
[SourceTitle "CBM 087 Extra"]
[Source "ChessBase"]
[SourceDate "2002.05.03"]
[SourceVersion "2"]
[SourceVersionDate "2002.08.09"]
[SourceQuality "1"]

1. d4 Nf6 2. c4 g6 3. Nc3 Bg7 4. e4 d6 5. f3 0-0 6. Nge2 a6 7. Be3 c6 8. Qd2 Nbd7 9. Nc1 e5 10. d5 cxd5 11. cxd5 Nh5 12. Bd3 Nf4 13. g3 Nxd3+ 14. Nxd3 f5 15. 0-0-0 Nf6 16. h3 fxe4 17. fxe4 Bd7 18. Kb1 Rc8 19. g4 a5 20. Nf2 b5 21. Rc1 b4 22. Ne2 Rxc1+ 23. Rxc1 h5 24. g5 Ne8 1/2-1/2